1343 1547 1283 1592 1444 1623 1767 1886 1617 1917 1539 1902 1327 1282 1501 1845 1142 1288 1352 1389 1493 1939 1668 1134 1785 1145 1204 1767 1755 1836 1476 1099 1073 1044 1267 1220 1446 1020 1983 1398 1206 1089 1591 1943 1906 1601 1459 1000 1088 1957 1478 1115 1335 1037 1290 1084 1979 1907 1030 1916 1628 1318 1217 1619 1363 1661 1753 1766 1913 1406 1239 1699 1665 1788 1455 1632 1220 1169 1269 1744 1364 1474 1180 1205 1043 1295 1102 1500 1600 1462 1992 1137 1043 1649 1095 1945 1797 1577 1660 BCNSPRNW ULIB Ver.6.0+V

เปลี่ยนเป็นภาษาไทย

Change to English
 แสดงรายละเอียดบรรณานุกรม
  กลับหน้าหลัก

Brief Record : Get Marc (ISO 2709) : E-mail record : QR code < ปิดหน้าต่าง
LEADER : 00000nam 2200000uu 4500
001    13399109904
003     ULIB
008    110418s2549||||th 000 0 tha d
020    9749430913
020    9789749430910
060 04 WT100^bธ392ร 2549
100 0  ธวัช ประสาทฤทธา
245 10 รู้โรค-รู้รักษาก่อนจะเป็นอาม่าอากง /^cธวัช ประสาทฤทธาและทีมแพทย์ผู้เชี่ยวชาญเฉพาะทาง ; ประภาส เที่ยงธรรม, บรรณาธิการ
250    พิมพ์ครั้งที่ 1
260    กรุงเทพฯ :^bเรือนปัญญา,^c2549
300    162 หน้า :^bภาพประกอบ ;^c21 ซม.
440  0 หนังสือชุดสุขภาพสามัญประจำบ้าน
650  7 ผู้สูงอายุ^xโรค
650  7 ผู้สูงอายุ^xสุขภาพและอนามัย
650  7 เวชศาสตร์วัยชรา
700 0  ประภาส เที่ยงธรรม,^eบรรณาธิการ
945    ^p135^l0^i019742
995    เกษร
999 ^a ใช้งานได้ทุกระบบ
รายการนี้ยังไม่มีแท็ก
คุณยังไม่ได้ล็อกอิน คุณสามารถมีกิจกรรมร่วมกับเว็บไซต์ได้ แต่ต้องล็อกอินก่อน ::
  ล็อกอิน

รายการสื่อสารสนเทศ

ลำดับที่ ประเภท เลขเรียก/บาร์โค้ด สถานที่ สถานะ
- ไม่พบข้อมูล -

รายการใกล้เคียง
    ผู้แต่ง [ธวัช ประสาทฤทธา]

    หัวเรื่อง [เวชศาสตร์วัยชรา]

BibComment


ยังไม่เคยถูกคอมเมนท์

คอมเมนท์ทรัพยากรรายการนี้
  คอมเมนท์: รู้โรครู้รักษาก่อ..


 Copyright 2026. Bcnsprnw @Library